<?xml version="1.0" encoding="UTF-8"?>
<record
    xmlns:xsi="http://www.w3.org/2001/XMLSchema-instance"
    xsi:schemaLocation="http://www.loc.gov/MARC21/slim http://www.loc.gov/standards/marcxml/schema/MARC21slim.xsd"
    xmlns="http://www.loc.gov/MARC21/slim">

  <leader>     nam a22     7a 4500</leader>
  <datafield tag="999" ind1=" " ind2=" ">
    <subfield code="c">7136</subfield>
    <subfield code="d">7136</subfield>
  </datafield>
  <controlfield tag="003">OSt</controlfield>
  <controlfield tag="005">20180508125517.0</controlfield>
  <controlfield tag="008">180508s2017    sp ao|| ||||| 001|e spa|d</controlfield>
  <datafield tag="017" ind1=" " ind2=" ">
    <subfield code="a">DL M 7276-2017</subfield>
    <subfield code="b">Oficina DL Madrid</subfield>
  </datafield>
  <datafield tag="020" ind1=" " ind2=" ">
    <subfield code="a">9788416842025</subfield>
  </datafield>
  <datafield tag="040" ind1=" " ind2=" ">
    <subfield code="a">ES-BaUB</subfield>
    <subfield code="b">cat</subfield>
    <subfield code="c">CDMR</subfield>
  </datafield>
  <datafield tag="100" ind1="1" ind2=" ">
    <subfield code="a">Vogel, Adrian,</subfield>
    <subfield code="d">1956-</subfield>
    <subfield code="e">autor</subfield>
  </datafield>
  <datafield tag="245" ind1="1" ind2="0">
    <subfield code="a">Bikinis, f&#xFA;tbol y rock &amp; roll </subfield>
    <subfield code="b">: cr&#xF3;nica pop bajo el franquismo sociol&#xF3;gico (1950-1977) /</subfield>
    <subfield code="c">Adrian Vogel ; pr&#xF3;logo de El Gran Wyoming</subfield>
  </datafield>
  <datafield tag="260" ind1=" " ind2=" ">
    <subfield code="a">Tres Cantos, Madrid, Espa&#xF1;a :</subfield>
    <subfield code="b">Ediciones Akal,</subfield>
    <subfield code="c">[2017]</subfield>
  </datafield>
  <datafield tag="300" ind1=" " ind2=" ">
    <subfield code="a">479 p&#xE0;gines :</subfield>
    <subfield code="b">il&#xB7;lustracions, fotografies ;</subfield>
    <subfield code="c">24 cm</subfield>
  </datafield>
  <datafield tag="490" ind1="1" ind2=" ">
    <subfield code="a">Foca investigaci&#xF3;n ;</subfield>
    <subfield code="v">151</subfield>
  </datafield>
  <datafield tag="504" ind1=" " ind2=" ">
    <subfield code="a">Inclou refer&#xE8;ncies bibliogr&#xE0;fiques i &#xED;ndex</subfield>
  </datafield>
  <datafield tag="648" ind1=" " ind2="9">
    <subfield code="a">S. XX</subfield>
    <subfield code="2">thub </subfield>
  </datafield>
  <datafield tag="650" ind1=" " ind2="9">
    <subfield code="a">M&#xFA;sica pop</subfield>
    <subfield code="2">thub</subfield>
  </datafield>
  <datafield tag="650" ind1="0" ind2="4">
    <subfield code="a">Reportatges literaris</subfield>
    <subfield code="9">797</subfield>
  </datafield>
  <datafield tag="650" ind1=" " ind2="4">
    <subfield code="a">Comunicaci&#xF3;</subfield>
    <subfield code="9">3629</subfield>
    <subfield code="x">Assaigs</subfield>
  </datafield>
  <datafield tag="651" ind1=" " ind2="9">
    <subfield code="a">Espanya</subfield>
    <subfield code="2">thub  </subfield>
  </datafield>
  <datafield tag="700" ind1="0" ind2=" ">
    <subfield code="a">Gran Wyoming,</subfield>
    <subfield code="d">1955-</subfield>
    <subfield code="e">escriptor d'un pr&#xF2;leg  </subfield>
  </datafield>
  <datafield tag="942" ind1=" " ind2=" ">
    <subfield code="c">MON</subfield>
  </datafield>
  <datafield tag="952" ind1=" " ind2=" ">
    <subfield code="0">0</subfield>
    <subfield code="1">0</subfield>
    <subfield code="4">0</subfield>
    <subfield code="7">0</subfield>
    <subfield code="a">CDMR</subfield>
    <subfield code="b">CDMR</subfield>
    <subfield code="d">2018-05-08</subfield>
    <subfield code="e">Intercanvi</subfield>
    <subfield code="g">24.00</subfield>
    <subfield code="l">0</subfield>
    <subfield code="o">Dj 85</subfield>
    <subfield code="p">CDMR18050001</subfield>
    <subfield code="r">2018-05-08</subfield>
    <subfield code="v">24.00</subfield>
    <subfield code="w">2018-05-08</subfield>
    <subfield code="y">MON</subfield>
  </datafield>
</record>
